|
|
|
|
| LEADER |
00993cam a2200217 7i4500 |
| 001 |
0000032531 |
| 005 |
20151005090000.0 |
| 090 |
0 |
0 |
|a WESA 684.1
|b CEN
|
| 110 |
2 |
0 |
|a Central for Industrial Studies (CSIL)
|
| 245 |
1 |
4 |
|a The furniture industry in the Gulf Countries :
|b outlook for 6 countries Bahrain, Kuwait, Qatar, Oman, Saudi Arabia, United Arab Emirates.
|
| 260 |
0 |
0 |
|a Milan:
|b Centre for Industrial Studies (CSIL),
|c 2015..
|
| 300 |
# |
# |
|a 256 pages.
|
| 650 |
0 |
0 |
|a Furniture industry and trade --
|z United Arab Emirates
|
| 650 |
0 |
0 |
|a Furniture industry and trade --
|z Gulf Countries
|
| 650 |
0 |
0 |
|a Furniture industry and trade --
|z Bahrain
|
| 650 |
0 |
0 |
|a Furniture industry and trade --
|z Kuwait
|
| 650 |
0 |
0 |
|a Furniture industry and trade --
|z Qatar
|
| 650 |
0 |
0 |
|a Furniture industry and trade --
|z Oman
|
| 650 |
0 |
0 |
|a Furniture industry and trade --
|z Saudi Arabia
|
| 999 |
|
|
|a B000036677
|b Book
|c Regions
|e Business Information Centre
|
| 999 |
|
|
|a B000036676
|b Book
|c Regions
|e Business Information Centre
|